000 00422pab a2200157 454500
008 180718b2002 xxu||||| |||| 00| 0 eng d
100 _aFeldman, Martha S.
245 _aOrganizational routines as sources of connections and understandings
260 _c2002
300 _ap.309-31.
362 _aMay
650 _aOrganizations
700 _aRafaeli, Anat
773 _aJournal of Management Studies
909 _a53598
999 _c53598
_d53598